[Event "Ì19"]
[Site "Loo"]
[Date "2017.04.22"]
[Round "3.20"]
[White "Áåçîòå÷åñòâî, Êîíñòàíòèí."]
[Black "Òðóá÷àíèíîâ, Òèìóð."]
[Result "1/2-1/2"]
[WhiteElo "2160"]
[BlackElo "2185"]
[PlyCount "66"]
[EventDate "2017.04.20"]

1. d4 d5 2. c4 e6 3. Nf3 c6 4. Qc2 Nf6 5. g3 dxc4 6. Qxc4 b5 7. Qc2 Bb7 8. Bg2
Nbd7 9. Nc3 a6 10. Ne4 c5 11. Nxc5 Nxc5 12. dxc5 Be4 13. Qc3 a5 14. Bg5 Be7 15.
O-O Rc8 16. Rfd1 Qc7 17. Rac1 O-O 18. Qe5 Qb7 19. h3 Bd5 20. Qe3 Bxa2 21. Bxf6
Bxf6 22. Ne5 Qc7 23. Nd7 Rfd8 24. Nxf6+ gxf6 25. Qc3 Kg7 26. Rxd8 Rxd8 27. Ra1
b4 28. Qf3 Bd5 29. Qg4+ Kf8 30. Qh4 Kg7 31. Qg4+ Kf8 32. Qh4 Kg7 33. Qg4+ Kf8
1/2-1/2

[Event "Ì19"]
[Site "Loo"]
[Date "2017.04.22"]
[Round "3.21"]
[White "Êàïïóøåâ, Àõìàò."]
[Black "Ðîçìàíîâ, Àëåêñàíäð."]
[Result "1/2-1/2"]
[WhiteElo "1893"]
[BlackElo "2018"]
[PlyCount "96"]
[EventDate "2017.04.20"]

1. Nf3 d5 2. c4 e6 3. g3 Nf6 4. Bg2 dxc4 5. Qa4+ Nbd7 6. Qxc4 a6 7. Qc2 g6 8.
b3 Bg7 9. Bb2 O-O 10. O-O Rb8 11. d3 Re8 12. Nbd2 c5 13. Ne5 Qc7 14. Nxd7 Bxd7
15. Rac1 Rbc8 16. b4 b6 17. bxc5 bxc5 18. Bxf6 Bxf6 19. Ne4 Be7 20. Qc3 Bc6 21.
Nf6+ Bxf6 22. Qxf6 Bxg2 23. Kxg2 Qa5 24. Rc2 Rc7 25. Rfc1 Rec8 26. Qc3 Qa4 27.
Qc4 Qa5 28. Qb3 Rc6 29. Rc4 Qd8 30. Kg1 Qd5 31. R1c3 R6c7 32. Qc2 e5 33. Qa4
Rc6 34. Rc1 Qd6 35. Qc2 Kf8 36. e3 Kg8 37. Qc3 Rd8 38. Rxc5 Rxc5 39. Qxc5 Qxd3
40. Qxe5 Qd2 41. Qc7 Rd7 42. Qc8+ Rd8 43. Qc2 Qa5 44. Qb2 Qd5 45. a3 Qf3 46.
Qc2 h6 47. Re1 Rb8 48. Qc3 Rd8 1/2-1/2

[Event "Ì19"]
[Site "Loo"]
[Date "2017.04.22"]
[Round "3.22"]
[White "Ñïèðèäîíîâ, Åâãåíèé."]
[Black "Àëåêñååâ, Ìèõàèë."]
[Result "1-0"]
[WhiteElo "2130"]
[BlackElo "1858"]
[PlyCount "68"]
[EventDate "2017.04.20"]

1. d4 Nf6 2. c4 g6 3. Nc3 d5 4. cxd5 Nxd5 5. e4 Nxc3 6. bxc3 Bg7 7. Bc4 c5 8.
Ne2 Nc6 9. Be3 O-O 10. O-O Na5 11. Bd3 b6 12. Rb1 Bb7 13. f3 Rc8 14. d5 Ba8 15.
c4 Qd7 16. f4 e5 17. f5 Nb7 18. f6 Bh8 19. Ng3 Nd6 20. Qf3 b5 21. cxb5 c4 22.
Bc2 Rfe8 23. a4 c3 24. Bc1 Bb7 25. Nh1 Qd8 26. Ng3 a6 27. h4 axb5 28. axb5 Rc5
29. Be3 Rxb5 30. Rxb5 Nxb5 31. Nf5 Bxf6 32. Nh6+ Kg7 33. Ng4 Bxh4 34. Qxf7+ Kh8
1-0

[Event "Ä19"]
[Site "Loo"]
[Date "2017.04.22"]
[Round "3.1"]
[White "Áîðèñîâà, Åêàòåðèíà."]
[Black "Äðîãîâîç, Èðèíà."]
[Result "1-0"]
[WhiteElo "2078"]
[BlackElo "2286"]
[PlyCount "73"]
[EventDate "2017.04.20"]

1. e4 c5 2. Nf3 d6 3. d4 cxd4 4. Nxd4 Nf6 5. Nc3 a6 6. h4 b5 7. Nd5 e5 8. Nb3
Nbd7 9. g4 h6 10. Bg2 Nxd5 11. exd5 Be7 12. Be3 a5 13. Nd2 Nf6 14. g5 Ng4 15.
Qe2 Nxe3 16. fxe3 hxg5 17. hxg5 Rxh1+ 18. Bxh1 Bxg5 19. O-O-O Qb6 20. Re1 Bh6
21. Be4 Bb7 22. Qg4 Bxe3 23. Qxg7 Ke7 24. Rf1 Bf4 25. Kb1 Qe3 26. Bg6 Bxd5 27.
Ne4 Bxe4 28. Qxf7+ Kd8 29. Rd1 Ra6 30. Qg8+ Kc7 31. Qh7+ Kb8 32. Bxe4 Qb6 33.
Qg8+ Ka7 34. Rh1 Qe3 35. Rh7+ Kb6 36. Rb7+ Kc5 37. Qd5+ 1-0

[Event "Ä19"]
[Site "Loo"]
[Date "2017.04.22"]
[Round "3.2"]
[White "Òèøîâà, Ñâåòëàíà."]
[Black "Èëüèíà, Íàòàëüÿ."]
[Result "1-0"]
[WhiteElo "2177"]
[BlackElo "2072"]
[PlyCount "59"]
[EventDate "2017.04.20"]

1. e4 c5 2. Nf3 e6 3. d4 cxd4 4. Nxd4 Nc6 5. Nc3 Qc7 6. g3 a6 7. Bg2 Nf6 8. O-O
h6 9. a4 Be7 10. Re1 Nxd4 11. Qxd4 d6 12. Be3 e5 13. Qd2 b6 14. Nd5 Nxd5 15.
Qxd5 Rb8 16. Qd3 b5 17. axb5 Rxb5 18. b3 O-O 19. Bf1 Rb8 20. Qd1 Bb7 21. Bd3 a5
22. Qg4 Kh8 23. Bd2 Ra8 24. Ra2 Bd8 25. Rea1 Qc5 26. b4 Qc6 27. b5 Qc5 28. Qd7
Ra7 29. Be3 Bc8 30. Qxa7 1-0

[Event "Ä19"]
[Site "Loo"]
[Date "2017.04.22"]
[Round "3.3"]
[White "Àðóòþíîâà, Àñÿ."]
[Black "Øàêèðîâà, Ðåíàòà."]
[Result "1-0"]
[WhiteElo "2125"]
[BlackElo "2064"]
[PlyCount "47"]
[EventDate "2017.04.20"]

1. Nf3 c5 2. c4 Nc6 3. d4 cxd4 4. Nxd4 Nf6 5. g3 e6 6. Bg2 Qb6 7. Nc2 Bc5 8.
O-O Ng4 9. e3 f5 10. Nc3 Be7 11. b3 a6 12. Bb2 O-O 13. Qe2 Bf6 14. Rad1 Qa5 15.
Qd2 b5 16. h3 Nge5 17. Nd5 Qxa2 18. Nxf6+ gxf6 19. Bxe5 fxe5 20. cxb5 Qxb3 21.
bxc6 d5 22. e4 dxe4 23. Qg5+ Kh8 24. Ne3 1-0

[Event "Ä19"]
[Site "Loo"]
[Date "2017.04.22"]
[Round "3.4"]
[White "Øàïàðü, Òàòüÿíà."]
[Black "Ïîòàïîâà, Ìàðãàðèòà."]
[Result "0-1"]
[WhiteElo "1950"]
[BlackElo "2096"]
[PlyCount "82"]
[EventDate "2017.04.20"]

1. e4 c5 2. Ne2 e6 3. d4 cxd4 4. Nxd4 Nf6 5. Nc3 Qb6 6. e5 Bc5 7. Na4 Qa5+ 8.
c3 Bxd4 9. Qxd4 Nc6 10. Qd1 Qxe5+ 11. Qe2 O-O 12. Qxe5 Nxe5 13. Bf4 d6 14. Rd1
Nd5 15. Bg3 Bd7 16. Nc5 dxc5 17. Bxe5 Rfd8 18. Be2 Bc6 19. O-O f6 20. Bg3 e5
21. Bf3 g5 22. h4 h6 23. Rd2 Ne7 24. Rfd1 Rxd2 25. Rxd2 Bxf3 26. gxf3 Kf7 27.
Rd7 b6 28. hxg5 hxg5 29. Kf1 Ke6 30. Rd2 Nc6 31. Re2 Kf5 32. Rd2 Rd8 33. Re2
Na5 34. b3 Rd3 35. Re3 Rd2 36. Re2 Rxe2 37. Kxe2 Ke6 38. Kd3 Kd5 39. c4+ Ke6
40. Kc3 Nc6 41. Kd2 Nd4 0-1

[Event "Ä19"]
[Site "Loo"]
[Date "2017.04.22"]
[Round "3.5"]
[White "Ñàòàåâà, Ëàíà."]
[Black "Ãîðîâåíêî, Äàðüÿ."]
[Result "0-1"]
[WhiteElo "1802"]
[BlackElo "2122"]
[PlyCount "146"]
[EventDate "2017.04.20"]

1. e4 c5 2. Nf3 d6 3. d4 cxd4 4. Nxd4 Nf6 5. Nc3 a6 6. Be3 e5 7. Nf3 Be7 8. Be2
O-O 9. O-O Qc7 10. Qd2 b5 11. a3 Bb7 12. Bd3 Nbd7 13. Rfe1 Rfd8 14. Bg5 Nb6 15.
Rad1 Rac8 16. Nh4 g6 17. Nf3 Nc4 18. Bxc4 Qxc4 19. Qe3 Qc5 20. Qe2 b4 21. axb4
Qxb4 22. Rb1 Kg7 23. Nd2 h6 24. Bh4 d5 25. Bxf6+ Bxf6 26. exd5 Bxd5 27. Nde4
Bxe4 28. Nxe4 Qc4 29. Qxc4 Rxc4 30. Nxf6 Kxf6 31. Ra1 Rxc2 32. Rxa6+ Kf5 33.
Ra5 f6 34. b4 Rb2 35. b5 Rdd2 36. Rf1 g5 37. g3 Rd5 38. Ra8 Rdxb5 39. Raa1 h5
40. Rfe1 R5b3 41. Kg2 Rc2 42. Rf1 Rbb2 43. Ra3 e4 44. Ra5+ Kg6 45. Ra3 Re2 46.
Kg1 h4 47. gxh4 gxh4 48. Rh3 Kh5 49. Ra3 f5 50. Ra5 Kg5 51. Ra3 Kf4 52. Rc3
Red2 53. Rh3 Kg4 54. Re3 Rd3 55. Ree1 Kh3 56. Rc1 Rf3 57. Rce1 Rd2 58. Re3 Rxe3
59. fxe3 Rg2+ 60. Kh1 Rxh2+ 61. Kg1 Rg2+ 62. Kh1 Re2 63. Kg1 Kg3 64. Kh1 Rxe3
65. Kg1 f4 66. Kh1 f3 67. Rg1+ Kf2 68. Kh2 Ke2 69. Kh1 f2 70. Rc1 f1=Q+ 71.
Rxf1 Kxf1 72. Kh2 Rf3 73. Kh1 Rh3# 0-1

[Event "Ä19"]
[Site "Loo"]
[Date "2017.04.22"]
[Round "3.6"]
[White "Ïðîòîïîïîâà, Àíàñòàñèÿ."]
[Black "Ãðåõí¸âà, ßíà."]
[Result "1-0"]
[WhiteElo "2266"]
[BlackElo "1881"]
[PlyCount "51"]
[EventDate "2017.04.20"]

1. d4 d5 2. Nf3 Nf6 3. c4 c6 4. g3 dxc4 5. Bg2 b5 6. Ne5 Bb7 7. O-O e6 8. b3
cxb3 9. axb3 Bd6 10. Qc2 Qc7 11. Nd3 Nbd7 12. e4 e5 13. f4 Qb6 14. Kh1 Ng4 15.
dxe5 Be7 16. Qe2 h5 17. Bf3 O-O-O 18. h3 Rdg8 19. Kg2 Nh6 20. Be3 c5 21. h4 f5
22. Nc3 Qg6 23. Bxh5 Qe6 24. Nxb5 Ng4 25. Bxg4 fxg4 26. Bxc5 1-0

[Event "Ä19"]
[Site "Loo"]
[Date "2017.04.22"]
[Round "3.7"]
[White "Þðîâñêèõ, ßñìèí."]
[Black "Ëûñåíêî, Ìàðãàðèòà."]
[Result "0-1"]
[WhiteElo "1880"]
[BlackElo "2193"]
[PlyCount "100"]
[EventDate "2017.04.20"]

1. e4 b6 2. d4 Bb7 3. Nc3 e6 4. Nf3 Bb4 5. Bd3 Nf6 6. Qe2 d5 7. e5 Ne4 8. O-O
Nxc3 9. bxc3 Bxc3 10. Rb1 Nc6 11. Be3 Bb4 12. Ng5 Qd7 13. Qh5 g6 14. Qf3 h6 15.
Qf6 Rg8 16. Nh7 Be7 17. Qf3 Rg7 18. Nf6+ Bxf6 19. Qxf6 Rh7 20. Rfc1 Qe7 21. Qf3
O-O-O 22. c3 Na5 23. Qe2 Kb8 24. a4 Qd7 25. Rb4 Rhh8 26. Rcb1 Bc6 27. Qc2 Ka8
28. f3 g5 29. Rf1 Rhg8 30. Qd1 Nc4 31. Rxc4 dxc4 32. Be4 a5 33. Qe2 Bxe4 34.
fxe4 Qxa4 35. Qf3 Qc6 36. Rd1 Rd7 37. d5 exd5 38. exd5 Qb7 39. Qe4 Rgd8 40.
Qxc4 Rxd5 41. Rf1 Rxe5 42. Bd4 Red5 43. Rxf7 Kb8 44. h3 R5d7 45. Rf6 Rd6 46.
Rf5 Qc6 47. Qa6 Rd5 48. Rf6 Qb5 49. Qxb5 Rxb5 50. Rxh6 a4 0-1

[Event "Ä19"]
[Site "Loo"]
[Date "2017.04.22"]
[Round "3.8"]
[White "×èñòÿêîâà, Äàðüÿ."]
[Black "Ìàðòûíþê, Åëèçàâåòà."]
[Result "0-1"]
[WhiteElo "1893"]
[BlackElo "2165"]
[PlyCount "74"]
[EventDate "2017.04.20"]

1. e4 c5 2. Nf3 e6 3. d4 cxd4 4. Nxd4 Nc6 5. c4 Bb4+ 6. Nc3 Nf6 7. Nxc6 bxc6 8.
Bd3 e5 9. O-O O-O 10. Bg5 h6 11. Bh4 Be7 12. Bg3 d6 13. Rb1 a5 14. f4 Ng4 15.
Qe2 exf4 16. Bxf4 Bg5 17. Bg3 Bh4 18. Qe1 Qb6+ 19. Kh1 Bxg3 20. Qxg3 Be6 21. b3
Ne5 22. Be2 f5 23. exf5 Bxf5 24. Rbd1 Qb4 25. Na4 Bc2 26. Rde1 Qd2 27. c5 Qxe2
28. Rg1 Qd2 29. cxd6 Nd3 30. Ref1 Nf2+ 31. Rxf2 Qxf2 32. Qe5 Rae8 33. Qc3 Be4
34. Qc4+ Bd5 35. Qd3 Qxg2+ 36. Rxg2 Re1+ 37. Qf1 Rfxf1# 0-1

[Event "Ä19"]
[Site "Loo"]
[Date "2017.04.22"]
[Round "3.9"]
[White "Êîð÷àãèíà, Àëåíà."]
[Black "Äåì÷åíêî, Àëèñà."]
[Result "1-0"]
[WhiteElo "2119"]
[BlackElo "1876"]
[PlyCount "41"]
[EventDate "2017.04.20"]

1. d4 Nf6 2. c4 e6 3. Nf3 b6 4. a3 Bb7 5. Nc3 d5 6. Bg5 Be7 7. Qa4+ Qd7 8. Qc2
dxc4 9. e3 Bxf3 10. gxf3 c5 11. dxc5 Bxc5 12. Bxc4 Qb7 13. Bb5+ Nbd7 14. Bxf6
gxf6 15. O-O-O Rd8 16. Rxd7 Rxd7 17. Rd1 Ke7 18. Rxd7+ Qxd7 19. Bxd7 Kxd7 20.
Qa4+ Kc7 21. Nb5+ 1-0

[Event "Ä19"]
[Site "Loo"]
[Date "2017.04.22"]
[Round "3.10"]
[White "Ìóõòàðîâà, Àíàñòàñèÿ."]
[Black "Êîøåïàðîâà, Òàòüÿíà."]
[Result "0-1"]
[WhiteElo "1859"]
[BlackElo "2074"]
[PlyCount "76"]
[EventDate "2017.04.20"]

1. c4 Nf6 2. Nf3 g6 3. e3 Bg7 4. Be2 O-O 5. O-O d6 6. d4 Nc6 7. d5 Nb4 8. Nc3
a5 9. a3 Na6 10. Nd4 Nc5 11. b3 e5 12. dxe6 fxe6 13. Bb2 e5 14. Ndb5 Be6 15. b4
axb4 16. axb4 Rxa1 17. Qxa1 Na6 18. Qa4 c6 19. Na3 Bh6 20. Nc2 Bf5 21. Ba3 Ne4
22. Nxe4 Bxe4 23. Ne1 Qh4 24. Nf3 Bxf3 25. Bxf3 Qxc4 26. Rc1 Qh4 27. Qb3+ Kh8
28. b5 Nc5 29. Bxc5 dxc5 30. Rxc5 e4 31. Rc4 Ra8 32. Ra4 Rxa4 33. Qxa4 Bxe3 34.
g3 Bxf2+ 35. Kf1 Qxh2 36. Qa1+ Kg8 37. Qa8+ Kg7 38. Qxb7+ Kh6 0-1

[Event "Ä19"]
[Site "Loo"]
[Date "2017.04.22"]
[Round "3.11"]
[White "Ìóõèíà, ßíà."]
[Black "Áî÷àðîâà, Óëüÿíà."]
[Result "0-1"]
[WhiteElo "2004"]
[BlackElo "1852"]
[PlyCount "86"]
[EventDate "2017.04.20"]

1. e4 d5 2. exd5 Qxd5 3. Nc3 Qa5 4. d4 c6 5. Nf3 Nf6 6. Bc4 Bf5 7. Bd2 Qc7 8.
Ne5 e6 9. Qe2 Nbd7 10. Bf4 Bd6 11. h3 Bxe5 12. Bxe5 Nxe5 13. dxe5 Nd5 14. Bxd5
exd5 15. g4 Bd7 16. f4 O-O-O 17. O-O-O Rde8 18. Qf2 b6 19. Qf3 Rhf8 20. Rhe1 f6
21. Qg3 g5 22. exf6 Rxf6 23. Rxe8+ Bxe8 24. Ne2 gxf4 25. Qf3 Bg6 26. Nc3 Qe5
27. Rf1 Be4 28. Qf2 f3 29. a4 Rh6 30. Rh1 c5 31. a5 d4 32. Nb1 Qf4+ 33. Nd2 Bd5
34. axb6 axb6 35. Re1 c4 36. Re8+ Kd7 37. Re4 Bxe4 38. Qxd4+ Rd6 39. Qxe4 Qxd2+
40. Kb1 Qd5 41. Qxh7+ Kc6 42. Qh5 Qd1+ 43. Ka2 Qxc2 0-1

[Event "Ä19"]
[Site "Loo"]
[Date "2017.04.22"]
[Round "3.12"]
[White "Ìàòþêîâà, Óëüÿíà."]
[Black "Êàçàê, Íàòàëüÿ."]
[Result "1/2-1/2"]
[WhiteElo "1984"]
[BlackElo "1769"]
[PlyCount "94"]
[EventDate "2017.04.20"]

1. d4 Nf6 2. c4 g6 3. Nc3 Bg7 4. e4 d6 5. f3 O-O 6. Be3 Nc6 7. Nge2 a6 8. Qd2
Rb8 9. Ng3 b6 10. Be2 e5 11. d5 Ne7 12. h4 h5 13. Nf1 Bd7 14. Nh2 b5 15. c5 b4
16. Nd1 Bb5 17. c6 Bxe2 18. Qxe2 Ra8 19. Bg5 Nh7 20. g4 Bf6 21. Bxf6 Nxf6 22.
Nf2 Kg7 23. O-O-O Rh8 24. g5 Nh7 25. f4 exf4 26. Qd2 Re8 27. Qd4+ f6 28. Nd3
Ng8 29. Nxf4 Nf8 30. Nf3 a5 31. Rhg1 Kh7 32. Rdf1 Qe7 33. gxf6 Nxf6 34. Ng5+
Kh6 35. Nfe6 Nxe6 36. dxe6 Rf8 37. Nf7+ Kg7 38. e5 dxe5 39. Nxe5 Rad8 40. Rxg6+
Kh7 41. Rh6+ Kxh6 42. Qf4+ Kh7 43. Qf5+ Kg8 44. Nf7 Rxf7 45. exf7+ Kf8 46. Qxf6
Qe3+ 47. Kb1 Qd3+ 1/2-1/2

[Event "Ä19"]
[Site "Loo"]
[Date "2017.04.22"]
[Round "3.13"]
[White "Òèìàêîâà, Ìàðèÿ."]
[Black "Ìèëîâàíîâà, Ìàðèÿ."]
[Result "1-0"]
[WhiteElo "1828"]
[BlackElo "1981"]
[PlyCount "79"]
[EventDate "2017.04.20"]

1. d4 Nf6 2. Nf3 e6 3. Bf4 c5 4. e3 b6 5. h3 Bb7 6. Nbd2 d6 7. c3 Be7 8. Bb5+
Bc6 9. Bd3 O-O 10. Rg1 Re8 11. Qe2 Nbd7 12. O-O-O Rb8 13. Nc4 Qc7 14. dxc5 bxc5
15. Nxd6 Qa5 16. Nxe8 Rxe8 17. Kb1 Nd5 18. Nd2 e5 19. Nb3 Qb6 20. Bh2 a5 21.
Qc2 a4 22. Nd2 e4 23. Nxe4 N7f6 24. Nd2 Qb7 25. g4 g6 26. g5 Nh5 27. Nc4 Qa7
28. Ne5 Ba8 29. Bc4 Rd8 30. e4 Nb6 31. Bxf7+ Kg7 32. Rxd8 Bxd8 33. Rd1 Bxg5 34.
Bd5 Nxd5 35. exd5 Nf6 36. c4 Bb7 37. f4 Bh6 38. f5 g5 39. Ng4 Bc8 40. Be5 1-0

[Event "Ä19"]
[Site "Loo"]
[Date "2017.04.22"]
[Round "3.14"]
[White "Òóêàåâà, Àäåëÿ."]
[Black "Áî÷àðîâà, Àíàñòàñèÿ."]
[Result "1/2-1/2"]
[WhiteElo "1970"]
[BlackElo "1797"]
[PlyCount "69"]
[EventDate "2017.04.20"]

1. e4 c5 2. Nf3 Nf6 3. e5 Nd5 4. c3 Nc6 5. d4 cxd4 6. cxd4 d6 7. Bc4 Nb6 8. Bb5
dxe5 9. Nxe5 Bd7 10. Bxc6 Bxc6 11. Nxc6 bxc6 12. O-O g6 13. Re1 Bg7 14. Bg5 O-O
15. Bxe7 Qxd4 16. Nc3 Rfe8 17. Qf3 Nd5 18. Rad1 Qf4 19. Nxd5 Qxf3 20. gxf3 cxd5
21. Rxd5 Bxb2 22. Kf1 Rac8 23. Rd7 Rc2 24. Re4 a5 25. Ra7 Bc3 26. Bf6 Rc8 27.
Bxc3 R8xc3 28. Rf4 Rc7 29. Rxc7 Rxc7 30. Ra4 Rc5 31. Kg2 Rg5+ 32. Kf1 Rc5 33.
Kg2 Rg5+ 34. Kf1 Rc5 35. Kg2 1/2-1/2

[Event "Ä19"]
[Site "Loo"]
[Date "2017.04.22"]
[Round "3.15"]
[White "Êèñåëåâà, Åêàòåðèíà."]
[Black "Êîïîâàÿ, Àëåêñàíäðà."]
[Result "1-0"]
[WhiteElo "1808"]
[BlackElo "1958"]
[PlyCount "81"]
[EventDate "2017.04.20"]

1. e4 c5 2. Nf3 Nc6 3. d4 cxd4 4. Nxd4 Nf6 5. Nc3 d6 6. Be2 g6 7. Be3 Bg7 8.
O-O O-O 9. h3 Nxd4 10. Bxd4 b6 11. e5 dxe5 12. Bxe5 Bb7 13. Nb5 Nd7 14. Bxg7
Kxg7 15. Bf3 Bxf3 16. Qxf3 a6 17. Nd4 Nf6 18. Rad1 Qc7 19. c3 Rac8 20. Rfe1 e6
21. Rxe6 Nh5 22. Rc6 Qb8 23. Rxc8 Rxc8 24. Nf5+ gxf5 25. Qxh5 Qe5 26. Qg5+ Kh8
27. Rd8+ Rxd8 28. Qxd8+ Kg7 29. Qd4 Qxd4 30. cxd4 Kf6 31. Kf1 Ke6 32. Ke2 Kd5
33. Kd3 h5 34. g3 b5 35. b3 f6 36. Ke3 b4 37. Kd3 a5 38. Ke3 Kd6 39. Kf4 Kd5
40. Kxf5 Kxd4 41. g4 1-0

[Event "Ä19"]
[Site "Loo"]
[Date "2017.04.22"]
[Round "3.16"]
[White "Êàëèíîâñêàÿ, Ëþäìèëà."]
[Black "Ìàìîíòîâà, Àíàñòàñèÿ."]
[Result "0-1"]
[WhiteElo "1689"]
[BlackElo "1948"]
[PlyCount "34"]
[EventDate "2017.04.20"]

1. e4 e5 2. Nf3 Nc6 3. Bb5 a6 4. Bxc6 dxc6 5. O-O Bd6 6. d3 Ne7 7. Nbd2 b5 8.
c4 Ng6 9. Qc2 O-O 10. c5 Be7 11. b4 Re8 12. Bb2 Bf6 13. Rfd1 Nf4 14. Nb3 Bg4
15. d4 Bxf3 16. gxf3 Qc8 17. Kh1 Qh3 0-1

[Event "Ä19"]
[Site "Loo"]
[Date "2017.04.22"]
[Round "3.18"]
[White "Àëåêñååâà, Àíãåëèíà."]
[Black "Ìàðòûíîâà, Àíàñòàñèÿ."]
[Result "0-1"]
[WhiteElo "1714"]
[BlackElo "1987"]
[PlyCount "80"]
[EventDate "2017.04.20"]

1. d4 Nf6 2. c4 e6 3. Nf3 Nc6 4. g3 d5 5. Qc2 Nb4 6. Qb3 dxc4 7. Qxc4 Qd5 8.
Qxd5 exd5 9. Na3 c6 10. Bg2 Bd6 11. O-O O-O 12. Rd1 Re8 13. e3 Bf5 14. Ne1 a5
15. Bd2 Ra7 16. Nb1 Ne4 17. a3 Nxd2 18. Rxd2 Na6 19. Nc3 Nc7 20. Rc1 a4 21. Ne2
Na8 22. Nf4 Nb6 23. Bf1 g5 24. Nfg2 Bg6 25. Nf3 h6 26. h4 f6 27. Nh2 Kg7 28.
Be2 Raa8 29. h5 Bf7 30. Nf1 Nc4 31. Rdc2 Nxb2 32. Rb1 Nc4 33. Bxc4 dxc4 34.
Rxb7 Re7 35. Rxe7 Bxe7 36. Rc3 Rb8 37. Nd2 Rb3 38. Nxb3 axb3 39. Rc1 Bxa3 40.
Rb1 c3 0-1

[Event "Ä19"]
[Site "Loo"]
[Date "2017.04.22"]
[Round "3.19"]
[White "Àëåêñååâà, Þëèÿ."]
[Black "Ïåðôèëîâà, Ìàðèÿ."]
[Result "0-1"]
[WhiteElo "1850"]
[BlackElo "1895"]
[PlyCount "126"]
[EventDate "2017.04.20"]

1. e4 e5 2. Nf3 Nc6 3. d4 exd4 4. Nxd4 Bc5 5. Be3 Qf6 6. c3 Nge7 7. Be2 d5 8.
Bf3 dxe4 9. Bxe4 Nxd4 10. cxd4 Bb6 11. Nc3 O-O 12. O-O c6 13. Qc2 Bf5 14. d5
Bxe3 15. fxe3 Bxe4 16. Qxe4 Qg5 17. d6 Nd5 18. Nxd5 cxd5 19. Qd3 Qe5 20. Rf5
Qxd6 21. Rxd5 Qb6 22. Rb5 Qc6 23. Rd1 Rad8 24. Rd5 Rxd5 25. Qxd5 Qb6 26. Qd4
Qa6 27. a3 h6 28. Qd3 Qe6 29. Qd4 a6 30. Rc1 Re8 31. Rc3 Qf5 32. Qd3 Qg5 33.
Rc7 b5 34. Rc3 Rd8 35. Qc2 Qg4 36. Rd3 Rxd3 37. Qxd3 Qc8 38. Kf2 Qc6 39. Qd8+
Kh7 40. Qd3+ g6 41. Qe2 Qf6+ 42. Kg1 Kg7 43. Qd2 g5 44. Qe2 Kg6 45. Qd3+ Qf5
46. Qe2 Qe4 47. Kf2 Qh4+ 48. Kg1 Qe4 49. Kf2 f6 50. Qd2 h5 51. Qe2 h4 52. h3 f5
53. Qf3 Qc2+ 54. Qe2 Qxe2+ 55. Kxe2 Kf6 56. Kd2 Ke5 57. Kd3 a5 58. a4 bxa4 59.
Kc4 Ke4 60. Kb5 Kxe3 61. Kxa4 Kf2 62. Kxa5 Kxg2 63. b4 f4 0-1

[Event "Ä19"]
[Site "Loo"]
[Date "2017.04.22"]
[Round "3.20"]
[White "Äîðîôååâà, Íúóðãóéààíà."]
[Black "Ñàôèþëëèíà, Äèíàðà."]
[Result "1-0"]
[WhiteElo "1778"]
[BlackElo "1839"]
[PlyCount "85"]
[EventDate "2017.04.20"]

1. e4 e5 2. Nf3 Nc6 3. Bb5 Nf6 4. O-O Be7 5. Re1 d6 6. d4 exd4 7. Nxd4 Bd7 8.
c4 O-O 9. Nc3 Ne5 10. Bxd7 Nfxd7 11. b3 Bf6 12. Nd5 Nc5 13. Re3 Ng4 14. Nxf6+
Qxf6 15. Qxg4 Qxd4 16. Rb1 f5 17. Qe2 Nxe4 18. Bb2 Qc5 19. Rd1 Rf7 20. Rd5 Qc6
21. f3 Nc5 22. Re7 Rxe7 23. Qxe7 Qd7 24. Qxd7 Nxd7 25. Rxf5 Re8 26. Kf2 Nc5 27.
Rd5 g6 28. Rd2 Rf8 29. Kg3 Re8 30. Bd4 Nd7 31. f4 Kf7 32. Kf3 b6 33. Re2 Rxe2
34. Kxe2 Ke6 35. Ke3 Nf6 36. Bxf6 Kxf6 37. Ke4 c6 38. g4 Ke6 39. Kd4 Kf6 40. b4
Ke6 41. a4 c5+ 42. bxc5 bxc5+ 43. Ke4 1-0

[Event "Ä19"]
[Site "Loo"]
[Date "2017.04.22"]
[Round "3.21"]
[White "Áîëèåâà, Ìàðèÿ."]
[Black "Þðêèíà, Àíàñòàñèÿ."]
[Result "0-1"]
[WhiteElo "1278"]
[BlackElo "1812"]
[PlyCount "144"]
[EventDate "2017.04.20"]

1. e4 c5 2. Nf3 e6 3. Nc3 a6 4. d4 cxd4 5. Nxd4 Qc7 6. a3 Nc6 7. Be3 Nf6 8. Qd2
Be7 9. Bd3 O-O 10. f3 Ne5 11. O-O-O b5 12. Bg5 h6 13. Bh4 b4 14. axb4 Bxb4 15.
Bxf6 Bxc3 16. bxc3 gxf6 17. Qxh6 Qxc3 18. Ne2 Nxd3+ 19. Rxd3 Qa1+ 20. Kd2 Qa5+
21. Nc3 Qg5+ 22. Qxg5+ fxg5 23. e5 f5 24. exf6 Rxf6 25. Ne4 Rg6 26. Nc5 d5 27.
Ke3 Kf7 28. Ra1 Ke7 29. Rda3 e5 30. Ra5 Rc6 31. R1a2 Kd6 32. Nd3 Be6 33. Nb4
d4+ 34. Kd2 Bxa2 35. Nxc6 Kxc6 36. Rxa2 a5 37. Kd3 Kd5 38. h3 a4 39. Ra3 Ra7
40. c3 Ra8 41. g3 Rf8 42. Ke2 Ra8 43. cxd4 Kxd4 44. Kd2 Kc4 45. Kc2 Kb4 46. Re3
Ra5 47. Re4+ Ka3 48. h4 gxh4 49. Rxh4 Rb5 50. Rh1 Rb2+ 51. Kd3 Kb3 52. Ke4 Re2+
53. Kd5 a3 54. Rb1+ Kc2 55. Rb6 a2 56. Rc6+ Kd3 57. Ra6 Kc3 58. g4 Kb2 59. Rb6+
Kc1 60. Ra6 Kb1 61. Rb6+ Rb2 62. Ra6 Rb3 63. Ke4 Kb2 64. g5 Ra3 65. Rb6+ Kc3
66. Rc6+ Kd2 67. Rd6+ Ke2 68. g6 Re3+ 69. Kf5 Rxf3+ 70. Kxe5 a1=Q+ 71. Ke6 Rf6+
72. Ke7 Qe5+ 0-1

[Event "Ì15Ï"]
[Site "Loo"]
[Date "2017.04.22"]
[Round "3.1"]
[White "Êèñåëåâ, Âëàäèñëàâ."]
[Black "Áîçðèêîâ, Ìàòâåé."]
[Result "1/2-1/2"]
[WhiteElo "1993"]
[BlackElo "1781"]
[PlyCount "80"]
[EventDate "2017.04.20"]

1. e4 e5 2. Nf3 d6 3. d4 exd4 4. Nxd4 Nf6 5. Nc3 g6 6. Be2 Bg7 7. O-O O-O 8.
Bg5 Nc6 9. Nxc6 bxc6 10. f4 Qe8 11. Bd3 Rb8 12. Rb1 Nd7 13. Qf3 Nc5 14. Nd1
Nxd3 15. cxd3 f5 16. b3 Rb4 17. Re1 Qf7 18. e5 dxe5 19. fxe5 Rg4 20. Bd2 f4 21.
Nf2 Rg5 22. d4 Bf5 23. Rbc1 Bd7 24. Ne4 Rh5 25. Bb4 Rb8 26. Bc5 g5 27. Rf1 Qg6
28. Rce1 Qh6 29. g3 Rxh2 30. Rf2 Rh3 31. Rg2 Rh1+ 32. Kf2 Rxe1 33. Kxe1 Qh1+
34. Kf2 Bh3 35. Nxg5 Bxg2 36. Qxg2 Qxg2+ 37. Kxg2 fxg3 38. Kxg3 h6 39. Ne6 Rc8
40. Kf4 Kf7 1/2-1/2

[Event "Ì15Ï"]
[Site "Loo"]
[Date "2017.04.22"]
[Round "3.2"]
[White "Êîçëîâ, Äåíèñ."]
[Black "Íîâèêîâ, Àëåêñåé."]
[Result "1-0"]
[WhiteElo "1789"]
[BlackElo "1927"]
[PlyCount "99"]
[EventDate "2017.04.20"]

1. d4 Nf6 2. Nf3 g6 3. c4 Bg7 4. g3 O-O 5. Bg2 d6 6. Nc3 Nc6 7. O-O Rb8 8. h3
Bf5 9. Ne1 Qc8 10. Kh2 Nxd4 11. e4 Bd7 12. f4 e5 13. fxe5 dxe5 14. Bg5 Nh5 15.
Nd5 Kh8 16. Nd3 c6 17. g4 cxd5 18. gxh5 f6 19. h6 fxg5 20. hxg7+ Kxg7 21. Nxe5
Qc7 22. Qxd4 Rbe8 23. Rxf8 Kxf8 24. Qf2+ Kg7 25. Qf7+ Kh6 26. Qxd7 Qxe5+ 27.
Kh1 dxe4 28. Re1 e3 29. Re2 Re7 30. Qd5 Qf4 31. Qd8 Re4 32. Re1 e2 33. Bxe4
Qxe4+ 34. Kg1 Qf3 35. Qd6 Qe3+ 36. Kg2 Qe4+ 37. Kf2 Qf5+ 38. Kxe2 Qc2+ 39. Kf1
Qxc4+ 40. Kg1 Qxa2 41. Qf8+ Kh5 42. Qf3+ Kh6 43. h4 Qa5 44. hxg5+ Qxg5+ 45. Kf2
Qd2+ 46. Re2 Qb4 47. Qh3+ Kg7 48. Qd7+ Kf6 49. Qe6+ Kg5 50. Qe7+ 1-0

[Event "Ì15Ï"]
[Site "Loo"]
[Date "2017.04.22"]
[Round "3.3"]
[White "Àñàòðÿí, Ãîð."]
[Black "Ïàâëîâ, Ìèõàèë."]
[Result "1/2-1/2"]
[WhiteElo "1916"]
[BlackElo "1762"]
[PlyCount "70"]
[EventDate "2017.04.20"]

1. e4 e6 2. d4 d5 3. Nd2 dxe4 4. Nxe4 Nd7 5. Nf3 Ngf6 6. Nxf6+ Nxf6 7. Bg5 h6
8. Bh4 c5 9. Bb5+ Bd7 10. Bxd7+ Qxd7 11. Qe2 cxd4 12. O-O-O Bc5 13. Qe5 Qe7 14.
Nxd4 O-O 15. Rhe1 Rad8 16. Re3 Bd6 17. Nf5 exf5 18. Qxe7 Bxe7 19. Rxe7 Rxd1+
20. Kxd1 g5 21. Rxb7 gxh4 22. Rxa7 Ng4 23. Ra5 Nxf2+ 24. Ke2 Ne4 25. Rxf5 Rb8
26. b3 Nc3+ 27. Kd2 Nxa2 28. Rf4 Rd8+ 29. Ke3 Nc3 30. Rxh4 Nd1+ 31. Ke2 Nc3+
32. Ke3 Nd1+ 33. Ke2 Nc3+ 34. Ke3 Nd1+ 35. Ke2 Nc3+ 1/2-1/2

[Event "Ì15Ï"]
[Site "Loo"]
[Date "2017.04.22"]
[Round "3.4"]
[White "Íîâèêîâ, Ðîìàí."]
[Black "Àáðàìîâ, Èëüÿ."]
[Result "0-1"]
[WhiteElo "1781"]
[BlackElo "1902"]
[PlyCount "98"]
[EventDate "2017.04.20"]

1. d4 e6 2. Nf3 f5 3. Bf4 Nf6 4. e3 d5 5. Nbd2 c6 6. Bd3 Bd6 7. Bxd6 Qxd6 8.
Ne5 Nbd7 9. f4 c5 10. c3 O-O 11. O-O c4 12. Be2 b5 13. Qc2 Bb7 14. g4 g6 15. b3
Nb6 16. a4 a6 17. a5 cxb3 18. Qxb3 Nbd7 19. g5 Ne8 20. c4 dxc4 21. Bxc4 Nc7 22.
Nxd7 Qxd7 23. Be2 Rac8 24. Rac1 Nd5 25. Qd3 Rxc1 26. Rxc1 Rc8 27. Rxc8+ Qxc8
28. Nb3 Nb4 29. Qd2 Qc6 30. d5 Qxd5 31. Qxd5 Bxd5 32. Nc5 h6 33. gxh6 Kh7 34.
Kf2 Kxh6 35. Bf3 Kg7 36. Bxd5 exd5 37. Ke2 Kf7 38. Kd2 Ke7 39. Kc3 Nc6 40. Nxa6
Kd6 41. Nb4 Nxa5 42. Kd3 Nc6 43. Nc2 Kc5 44. Ne1 Kb4 45. Nf3 Ka3 46. Kc2 b4 47.
Ne5 b3+ 48. Kb1 Na5 49. Nxg6 Nc4 0-1